Регионална библиотека "Любен Каравелов" - Русе

Аквариумни риби (Запис номер 20042)

MARC детайли
000 -Лидер
Контролно поле с фиксирана дължина 01291nam a2200349 c 4500
003 - Код на организацията, давaща контролен номер
Контролно поле BLK
005 - Дата и час на последна редакция
Контролно поле 20180422095122.0
008 - Елементи от данни с фиксирана дължина
fixed length control field 180413b bul|||||r ||||||| ||bul||
010 ## - Наследен системен номер
LC control number KNG00022232000
040 ## - Източник на каталожния запис
Идентификатор на билиотеката - собственик на записа BLK
041 ## - Код за език
Код за езика на текст/звукозапис или на отделно заглавие Български
Код за езика КДБФ Български
080 ## - УДК
Текстов определител УДК Рибовъдство
УДК код - определител по УДК 639.3
УДК определител .045(035)
УДК - код + определител 639.3.045(035)
100 1# - Редна дума - Автор
Автор Фолкер, Себастиан
Авторска отговорност първи автор
R(LIN) 365477
139 ## - Редно поле
Редна дума Фолкер, Себастиан
Авторски знак Фол - Ф 69
245 10 - Сведения за заглавието
Заглавие Аквариумни риби
Редно поле (дума) Себастиан Фолкер; прев. от нем. Райна Андреева.
257 ## - Страна на издаване
Страна на създаване/издаване Германия
260 ## - Област на издателските данни
-- София
Име на издателя, разпространителя и проч. Емас
Година на издаване 1998
Печатница София : Балкан прес
300 ## - Физическа характеристика
Страници 176 с.
Илюстрации и др. с ил., 8 л. цв. ил.
Размери/Мащаб 20 см
380 ## - Жанр
Жанр Селско стопанство
490 1# - СЕРИИ (Колекции)
Име на серия Домашни любимци
500 ## - Общи забележки
Забележка Ориг. загл. Unser erstes aquarium / Sebastian Volker. - 3 000 тир.
650 #4 - Допълнително описание по предмет – тема
Основно описание – тема или топоним Аквариуми
9 (RLIN) 146636
650 #4 - Допълнително описание по предмет – тема
Основно описание – тема или топоним Риби, декоративни
9 (RLIN) 264344
650 #4 - Допълнително описание по предмет – тема
Основно описание – тема или топоним Животни, домашни
9 (RLIN) 247829
653 ## - Ключова дума – ненормативна
Ключова дума риби
700 1# - Други автори (авторска отговорност)
Лично име Андреева, Райна
Автороска отговорност (Описва отношението между автора и произведението) прев. от нем.
9 (RLIN) 365478
852 ## - Местоположение
Форматна сигнатура Цб 195901
856 4# - Електронен адрес и достъп
Електронен формат pdf - файл
Път до файла /url/
856 4# - Електронен адрес и достъп
Електронен формат pdf - файл
Път до файла /url/
942 ## - АРТИКУЛИ
Вид на библиотечния материал Книги
Скрит в OPAC Не
944 ## - СЪЗДАВАНЕ И РЕДАКЦИЯ на ЗАПИСА
Създаване/Редакция Създаване
Дата на регистрацията/редакция 15.01.2003
Служител, извършил регистрацията/редакцията Кети_Илиева
944 ## - СЪЗДАВАНЕ И РЕДАКЦИЯ на ЗАПИСА
Създаване/Редакция Редакция
Дата на регистрацията/редакция 30.09.2015
Служител, извършил регистрацията/редакцията Кети_Илиева
999 ## - СИСТЕМНИ КОНТРОЛНИ НОМЕРА
Koha biblionumber 20042
Koha biblioitemnumber 20042
Наличности
Код за отписване Код за изгубен артикул Източник на класификационната схема Код за повреда Коз за рестрикции Код за отдаване Артикулен № Име на библиотеката - собственик Име на библиотеката, в която се намира в момента Статус (Текущо местоположение) Дата на вписване в системата Местоположение - отдел Цена в лева Инвентарен номер Систематично азбучна сигнатура Баркод Номер на екземпляра Цена в евро Служебен тип на артикула Служебна бележка
  Не е изгубен Universal Decimal Classification Не е повреден без рестрикции ползва се в читалня 33348 Регионална библиотека "Любен Каравелов" Русе Регионална библиотека "Любен Каравелов" Русе Хранилище 2001-01-01 Хранилище 0.00 640448 Цб 195901 120000640448 1 0.00 Книги  
  Не е изгубен Universal Decimal Classification Не е повреден без рестрикции ползва се в читалня 33349 Регионална библиотека "Любен Каравелов" Русе Регионална библиотека "Любен Каравелов" Русе Читалня 2001-01-01 Читалня 4.80 638639 Ч 639/Ф 69 120000638639 2 2.45 Книги Дата инв: 20.03.2017 Бележки инв: Ч2017
Vip Innovations Ltd, Rousse, Bulgaria 2025